[Event "26th EUR-ch"]
[Site "Katowice POL"]
[Date "2026.04.19"]
[Round "11.190"]
[White "Panasiuk, Piotr"]
[Black "Piddubna, Bozhena"]
[Result "0-1"]
[WhiteElo "1786"]
[BlackElo "2301"]
[EventDate "2026.04.07"]
[PlyCount "126"]

1.e4 e5 2.Nf3 Nc6 3.Nc3 Nf6 4.d4 exd4 5.Nxd4 Bb4 6.Nxc6 bxc6 7.Bd3 O-O 8.
O-O Re8 9.Qf3 h6 10.h3 d6 11.Bf4 Bxc3 12.bxc3 Nd7 13.Qg3 Qf6 14.Rab1 Kh8 
15.Bd2 Nc5 16.Rfe1 Ba6 17.Kh1 Re7 18.Re3 Rae8 19.Rbe1 Qg5 20.Qxg5 hxg5 21.
c4 f6 22.Bb4 Nd7 23.Ba3 c5 24.Rb1 Ne5 25.Bc1 Bxc4 26.f3 c6 27.Bxc4 Nxc4 
28.Rd3 d5 29.Rc3 Rd8 30.Kh2 Kh7 31.Rbb3 Rdd7 32.Ba3 Nxa3 33.Rxa3 c4 34.Ra6
Rc7 35.Kg3 Kg6 36.Kf2 Kf7 37.g3 g6 38.Ra5 Red7 39.Rc5 Ke6 40.Ra3 dxe4 41.
Rxc4 exf3 42.Rac3 Rh7 43.Rxc6+ Rxc6 44.Rxc6+ Ke5 45.Kxf3 Rxh3 46.Rc7 Rh2 
47.Rxa7 Rxc2 48.Re7+ Kd5 49.Ra7 Ke6 50.Ra6+ Ke5 51.Ra5+ Kd4 52.Ra6 Rc3+ 
53.Kf2 Ke5 54.Ra5+ Ke4 55.Ra4+ Kf5 56.Ra5+ Kg4 57.Ra4+ Kh3 58.Ra6 Rc2+ 59.
Kg1 Kxg3 60.Rxf6 Rc1+ 61.Rf1 Rxf1+ 62.Kxf1 Kh2 63.a4 g4 0-1

[Event "26th EUR-ch"]
[Site "Katowice POL"]
[Date "2026.04.19"]
[Round "11.191"]
[White "Salaun, Yann"]
[Black "Dovzhenko, Oleksandr"]
[Result "1-0"]
[WhiteElo "2199"]
[BlackElo "1990"]
[EventDate "2026.04.07"]
[PlyCount "27"]

1.e4 c5 2.Nc3 d6 3.f4 Nf6 4.Nf3 a6 5.Bd3 Nc6 6.O-O e5 7.fxe5 dxe5 8.Bc4 
Be7 9.d3 Bg4 10.Nd5 Nd4 11.Nxf6+ gxf6 12.Bxf7+ Kxf7 13.Nxe5+ Ke8 14.Nxg4 
1-0

[Event "26th EUR-ch"]
[Site "Katowice POL"]
[Date "2026.04.19"]
[Round "11.192"]
[White "Bitbol-Delaveyne, Maelan"]
[Black "Hlavacek, Pavel"]
[Result "1/2-1/2"]
[WhiteElo "2181"]
[BlackElo "1982"]
[EventDate "2026.04.07"]
[PlyCount "88"]

1.Nf3 Nf6 2.g3 d5 3.Bg2 c6 4.O-O Bg4 5.h3 Bh5 6.c4 e6 7.d3 Be7 8.cxd5 Bxf3
9.Bxf3 cxd5 10.Nc3 Nc6 11.e4 d4 12.Ne2 O-O 13.Bg2 Nd7 14.h4 Nc5 15.Nf4 Rc8
16.Qe2 Qa5 17.Bd2 Qb5 18.Rab1 Ne5 19.Rfd1 Na4 20.Qh5 Rc5 21.Nd5 Bd6 22.b4 
Rc2 23.f4 exd5 24.fxe5 dxe4 25.Bxe4 g6 26.Qf3 Qxe5 27.Bf4 Qe7 28.Bh6 Re8 
29.Rf1 f5 30.Bd5+ Kh8 31.Bg5 Qg7 32.Rbe1 Rcc8 33.Bxb7 Rxe1 34.Rxe1 Rb8 35.
Bc6 Rxb4 36.Re8+ Bf8 37.Be7 Qxe7 38.Rxe7 Bxe7 39.Qe2 Rb1+ 40.Kf2 Rb2 41.
Bxa4 Rxe2+ 42.Kxe2 Kg7 43.Kf3 Kf6 44.g4 h6 1/2-1/2

[Event "26th EUR-ch"]
[Site "Katowice POL"]
[Date "2026.04.19"]
[Round "11.193"]
[White "Konopka, Jeremie"]
[Black "Kondys, Piotr"]
[Result "1/2-1/2"]
[WhiteElo "1930"]
[BlackElo "2178"]
[EventDate "2026.04.07"]
[PlyCount "95"]

1.e4 e6 2.d4 d5 3.Nc3 Bb4 4.e5 Ne7 5.Bd2 c5 6.Nb5 Bxd2+ 7.Qxd2 O-O 8.f4 a6
9.Nd6 cxd4 10.Nf3 Nbc6 11.Bd3 f6 12.O-O fxe5 13.fxe5 Rxf3 14.Rxf3 Nxe5 15.
Qf4 Nxf3+ 16.gxf3 Nf5 17.Bxf5 exf5 18.Re1 Bd7 19.Qxd4 h6 20.Qxd5+ Kh7 21.
Qd4 Bc6 22.Kf2 Qd7 23.c4 Rf8 24.c5 Rf6 25.Rg1 a5 26.a3 a4 27.Qb4 Qe6 28.
Qd4 Qb3 29.Qc3 Qxc3 30.bxc3 b6 31.Nc4 bxc5 32.Ne5 Re6 33.Re1 Be8 34.Nd3 
Rxe1 35.Kxe1 c4 36.Ne5 Bb5 37.f4 g5 38.Kf2 Kg7 39.h4 g4 40.Ke3 Ba6 41.Kf2 
Kf6 42.Nd7+ Ke7 43.Nb6 Bb5 44.Nd5+ Kd6 45.Ne3 Ke6 46.Kg3 Ba6 47.Kf2 Bb5 
48.Kg3 1/2-1/2

[Event "26th EUR-ch"]
[Site "Katowice POL"]
[Date "2026.04.19"]
[Round "11.194"]
[White "Witczak, Borys"]
[Black "Duda, Aleksandra"]
[Result "1-0"]
[WhiteElo "2161"]
[BlackElo "1878"]
[EventDate "2026.04.07"]
[PlyCount "69"]

1.e4 d5 2.exd5 Qxd5 3.Nc3 Qd6 4.d4 Nf6 5.Nf3 a6 6.g3 Nc6 7.Bf4 Qd8 8.Bg2 
Bf5 9.O-O e6 10.Ne5 Nd5 11.Nxd5 exd5 12.Qh5 g6 13.Nxc6 bxc6 14.Rfe1+ Be7 
15.Qh6 Kd7 16.Bh3 Bxh3 17.Qxh3+ f5 18.c4 Kc8 19.Be5 Bf6 20.Qg2 Rb8 21.cxd5
cxd5 22.Rac1 Rb7 23.Rc5 Bxe5 24.dxe5 Rb5 25.Rxb5 axb5 26.a4 bxa4 27.Qf1 
Re8 28.Qa6+ Kd7 29.Qxa4+ c6 30.Qd4 Qc7 31.e6+ Kd8 32.Ra1 Qb8 33.Ra7 Kc8 
34.Qc5 Kd8 35.e7+ 1-0

[Event "26th EUR-ch"]
[Site "Katowice POL"]
[Date "2026.04.19"]
[Round "11.195"]
[White "Vainbaum , Moisei"]
[Black "Kaplanova, Dominika"]
[Result "1-0"]
[WhiteElo "2159"]
[BlackElo "1869"]
[EventDate "2026.04.07"]
[PlyCount "69"]

1.e4 e5 2.Nf3 Nf6 3.Nc3 Nc6 4.Bc4 Bc5 5.d3 h6 6.Be3 Bb6 7.Qd2 d6 8.h3 Be6 
9.Nd5 Bxd5 10.exd5 Ne7 11.Bb5+ Kf8 12.c4 c6 13.dxc6 bxc6 14.Ba4 Rb8 15.O-O
Qc7 16.b4 Bxe3 17.fxe3 e4 18.Nd4 exd3 19.Rab1 d5 20.Qxd3 Kg8 21.a3 Qe5 22.
Nxc6 Nxc6 23.Bxc6 dxc4 24.Qxc4 Qxe3+ 25.Kh1 Rd8 26.Rbe1 Qd3 27.Qa2 Qd6 28.
Ba4 Qc7 29.Bb3 Kf8 30.Rc1 Qb7 31.Qc2 Rd7 32.Qc8+ Ne8 33.Bxf7 Qxc8 34.Bg6+ 
Ke7 35.Rxc8 1-0

[Event "26th EUR-ch"]
[Site "Katowice POL"]
[Date "2026.04.19"]
[Round "11.196"]
[White "Galazka, Aleksander"]
[Black "Helis, Tadeusz"]
[Result "1-0"]
[WhiteElo "1913"]
[BlackElo "2141"]
[EventDate "2026.04.07"]
[PlyCount "139"]

1.e4 c6 2.Nc3 d5 3.Nf3 Bg4 4.h3 Bxf3 5.Qxf3 e6 6.d3 Nd7 7.Qg3 Ne7 8.Be2 
Ng6 9.O-O Be7 10.f4 O-O 11.f5 exf5 12.exf5 Nge5 13.d4 Nc4 14.Bd3 Bf6 15.
Ne2 Re8 16.c3 Qe7 17.b3 Nd6 18.Ba3 Ne4 19.Bxe7 Nxg3 20.Nxg3 Rxe7 21.Rae1 
Rae8 22.Rxe7 Rxe7 23.Rf3 Bh4 24.Nf1 Be1 25.c4 Bc3 26.Rf4 Nf6 27.Kf2 Re1 
28.g4 h6 29.a4 Ra1 30.Ke2 Ra2+ 31.Kd1 Rg2 32.Be2 Ne4 33.cxd5 cxd5 34.Ne3 
Rg1+ 35.Kc2 Bd2 36.Rxe4 dxe4 37.Kxd2 Rb1 38.Bd1 Ra1 39.Nc2 Rb1 40.Na3 e3+ 
41.Ke2 Rb2+ 42.Kxe3 Rh2 43.d5 Rxh3+ 44.Bf3 Kf8 45.Kf2 h5 46.gxh5 Ke7 47.
Nc4 f6 48.d6+ Kd7 49.Bd5 b6 50.Be6+ Kd8 51.b4 Rb3 52.d7 Rd3 53.b5 Rd1 54.
Ke2 Rd4 55.Ke3 Rd1 56.a5 Kc7 57.axb6+ axb6 58.Ke4 Re1+ 59.Kf3 Rd1 60.Ne3 
Rb1 61.Nd5+ Kd8 62.Nxb6 Rxb5 63.Nc8 Rb8 64.Nd6 Ke7 65.Nf7 Ra8 66.Ke4 Rf8 
67.h6 gxh6 68.Nxh6 Rh8 69.Nf7 Rh4+ 70.Kd5 1-0

[Event "26th EUR-ch"]
[Site "Katowice POL"]
[Date "2026.04.19"]
[Round "11.197"]
[White "Ivanauskas, Deividas"]
[Black "Kyparissopoulos, Spyridon"]
[Result "1-0"]
[WhiteElo "1883"]
[BlackElo "2133"]
[EventDate "2026.04.07"]
[PlyCount "53"]

1.e4 e6 2.d4 d5 3.Nc3 Bb4 4.Ne2 Nf6 5.e5 Nfd7 6.a3 Be7 7.Nf4 c5 8.Qg4 g6 
9.Bd3 cxd4 10.Nxe6 Nxe5 11.Qxd4 Bxe6 12.Qxe5 Bf6 13.Qg3 O-O 14.O-O Bg7 15.
Bg5 Qb6 16.Nb5 Nc6 17.Nc7 Rac8 18.Bf4 Qxb2 19.Rab1 Qd4 20.Rxb7 a6 21.Bxa6 
Bf5 22.Nb5 Qa4 23.Rb6 Qa5 24.Bc7 Rxc7 25.Qxc7 Nd4 26.Nxd4 Bxd4 27.Rxg6+ 
1-0

[Event "26th EUR-ch"]
[Site "Katowice POL"]
[Date "2026.04.19"]
[Round "11.198"]
[White "Vegh, Endre"]
[Black "Marcos Herrero, Francisco"]
[Result "1-0"]
[WhiteElo "2121"]
[BlackElo "1854"]
[EventDate "2026.04.07"]
[PlyCount "77"]

1.e4 c5 2.d4 cxd4 3.Qxd4 Nc6 4.Qd3 g6 5.Nc3 Bg7 6.Nf3 d6 7.Be2 Nf6 8.O-O 
O-O 9.Nd5 Nxd5 10.exd5 Nb4 11.Qd1 Bf5 12.c3 Nc2 13.g4 Nxa1 14.gxf5 Qa5 15.
Bg5 Qxa2 16.Qxa1 Qxd5 17.fxg6 fxg6 18.Qa4 Kh8 19.Qg4 Rae8 20.Rd1 Qa2 21.
Bb5 h5 22.Qe4 Qb3 23.Ba4 Qxb2 24.Bxe8 Rxe8 25.Qxg6 Rf8 26.Qxh5+ Kg8 27.Kg2
Rf7 28.Be3 Qc2 29.Ng5 Rf6 30.Rd4 Qxc3 31.Qh7+ Kf8 32.Rg4 Qc8 33.Qh5 Rf5 
34.Nh7+ Kg8 35.Qg6 Rf7 36.h3 e6 37.Nf6+ Kf8 38.Bh6 Qc7 39.Bxg7+ 1-0

[Event "26th EUR-ch"]
[Site "Katowice POL"]
[Date "2026.04.19"]
[Round "11.199"]
[White "Pietrzak, Wojciech"]
[Black "Lorenz, Roger"]
[Result "0-1"]
[WhiteElo "1854"]
[BlackElo "2118"]
[EventDate "2026.04.07"]
[PlyCount "56"]

1.Nf3 d5 2.e3 c5 3.c4 d4 4.b4 dxe3 5.fxe3 cxb4 6.d4 Bg4 7.Be2 Nf6 8.O-O e6
9.a3 Nc6 10.Qb3 a5 11.axb4 Bxb4 12.Bb2 O-O 13.Nc3 Qe7 14.Bd3 Bh5 15.Rae1 
Rfd8 16.Re2 e5 17.Nd5 Nxd5 18.cxd5 e4 19.Bxe4 Qxe4 20.dxc6 bxc6 21.Ref2 
Qd5 22.Qa4 c5 23.e4 Qxe4 24.Ne5 cxd4 25.Nxf7 Rf8 26.Qa2 Qe3 27.Nh6+ Kh8 
28.Bc1 Rxf2 0-1

[Event "26th EUR-ch"]
[Site "Katowice POL"]
[Date "2026.04.19"]
[Round "11.200"]
[White "Trybus, Dominika"]
[Black "Hasson Schrager, Shalev"]
[Result "0-1"]
[WhiteElo "1843"]
[BlackElo "2110"]
[EventDate "2026.04.07"]
[PlyCount "120"]

1.e4 e5 2.Nc3 Nf6 3.Nf3 Bb4 4.Be2 d6 5.d3 c5 6.O-O h6 7.a3 Ba5 8.Na2 Nc6 
9.Be3 O-O 10.Qb1 Nd4 11.Bxd4 cxd4 12.c3 dxc3 13.bxc3 Re8 14.c4 g5 15.Nb4 
Bb6 16.Nd2 Kg7 17.Nd5 Nxd5 18.cxd5 g4 19.Kh1 h5 20.Nc4 Bc5 21.f4 exf4 22.
Qb2+ Qf6 23.Qxf6+ Kxf6 24.Rxf4+ Kg7 25.Raf1 Re7 26.d4 Bxd4 27.Nxd6 f6 28.
Bd3 Be5 29.Nf5+ Bxf5 30.Rxf5 Rh8 31.a4 Rc7 32.Rb1 b6 33.Bb5 Rc3 34.Rd1 Re3
35.Bd3 h4 36.Rff1 g3 37.h3 Rc8 38.Rfe1 Rxe1+ 39.Rxe1 Rc3 40.Rd1 Ra3 41.Bb5
a6 42.Bxa6 Rxa4 43.Bd3 Kf7 44.Kg1 Ke7 45.Kf1 Ra2 46.Be2 Rb2 47.Ra1 b5 48.
Ra7+ Kd6 49.Ra6+ Kc5 50.Ra1 Kd4 51.Rd1+ Ke3 52.Bf3 Bd6 53.Re1+ Kf4 54.Re2 
Rb3 55.Rc2 b4 56.Ke2 Re3+ 57.Kf1 b3 58.Rb2 Be5 59.Rb1 b2 60.d6 Rxf3+ 0-1

[Event "26th EUR-ch"]
[Site "Katowice POL"]
[Date "2026.04.19"]
[Round "11.201"]
[White "Ghazarian, Raffi"]
[Black "Zieba, Franciszek"]
[Result "1-0"]
[WhiteElo "2079"]
[BlackElo "1847"]
[EventDate "2026.04.07"]
[PlyCount "95"]

1.Nf3 e6 2.g3 d5 3.Bg2 Nf6 4.O-O Bd6 5.c4 O-O 6.d4 c6 7.Nc3 Nbd7 8.Nd2 Re8
9.e4 dxe4 10.Ndxe4 Nxe4 11.Nxe4 Be7 12.Bf4 Nf6 13.Nc3 Bd6 14.Be5 Qe7 15.
Re1 Rd8 16.Qe2 Nd7 17.Bxd6 Qxd6 18.Rad1 Nf6 19.h3 h6 20.d5 cxd5 21.cxd5 
Qb6 22.b3 exd5 23.Nxd5 Nxd5 24.Bxd5 Qf6 25.Bg2 Rf8 26.Qe7 Qxe7 27.Rxe7 a5 
28.Rc1 a4 29.Bd5 axb3 30.axb3 Bxh3 31.Rcc7 Ra1+ 32.Kh2 Bg4 33.Rxb7 Rd1 34.
Rxf7 Rxf7 35.Bxf7+ Kh7 36.Rb4 Bf3 37.g4 Rd7 38.Be6 Re7 39.Kg3 Bd1 40.Bf5+ 
g6 41.Bd3 Rd7 42.Be4 Re7 43.f3 Rc7 44.Rb6 Rc3 45.Rxg6 Kh8 46.b4 Rb3 47.
Rxh6+ Kg7 48.Rb6 1-0

[Event "26th EUR-ch"]
[Site "Katowice POL"]
[Date "2026.04.19"]
[Round "11.202"]
[White "Karpov, Vladyslav"]
[Black "Zhuk, Ivan"]
[Result "0-1"]
[WhiteElo "1827"]
[BlackElo "2068"]
[EventDate "2026.04.07"]
[PlyCount "92"]

1.g3 d5 2.Bg2 Nf6 3.Nf3 Nbd7 4.d4 Nb6 5.O-O Bf5 6.Nbd2 e6 7.c4 Be7 8.Ne5 
c6 9.c5 Nbd7 10.Nxd7 Qxd7 11.Nf3 O-O 12.Ne5 Qc8 13.b4 a5 14.Qb3 Nd7 15.Bf4
axb4 16.Nxd7 Qxd7 17.Qxb4 Ra6 18.Qb3 Rfa8 19.a4 Bd8 20.Rfc1 h6 21.Ra2 b5 
22.cxb6 Rxb6 23.Qc3 Rba6 24.h4 Bf6 25.a5 Qa7 26.e3 Rxa5 27.Rxa5 Qxa5 28.
Qxa5 Rxa5 29.Rxc6 Ra1+ 30.Kh2 g5 31.hxg5 hxg5 32.Rc8+ Kg7 33.Be5 Bxe5 34.
dxe5 g4 35.Rb8 Ra4 36.Rb2 Be4 37.Rd2 Kg6 38.Rd4 Rxd4 39.exd4 Kf5 40.Bf1 
Bc2 41.Bg2 Bd1 42.Bf1 Ke4 43.Bb5 Kxd4 44.Be8 Kxe5 45.Bxf7 d4 46.Bg6 Be2 
0-1

[Event "26th EUR-ch"]
[Site "Katowice POL"]
[Date "2026.04.19"]
[Round "11.203"]
[White "Sprzeczka, Emilia"]
[Black "Wesolowski, Jeremi"]
[Result "1-0"]
[WhiteElo "2066"]
[BlackElo "1823"]
[EventDate "2026.04.07"]
[PlyCount "85"]

1.e4 c5 2.Nf3 Nc6 3.d4 cxd4 4.Nxd4 Nf6 5.Nc3 e5 6.Ndb5 d6 7.Bg5 a6 8.Na3 
b5 9.Nab1 Be7 10.Bxf6 Bxf6 11.a4 b4 12.Nd5 O-O 13.Bc4 Bg5 14.O-O Kh8 15.c3
Rb8 16.cxb4 Nxb4 17.Nxb4 Rxb4 18.Qe2 Qb6 19.b3 Be6 20.Na3 Qc5 21.Qd3 Rd8 
22.Rab1 Rbb8 23.Bxe6 fxe6 24.Nc4 Qc7 25.Rfe1 Bf6 26.Rbc1 d5 27.exd5 Rxd5 
28.Qg3 Qd7 29.h3 Rd3 30.Nxe5 Bxe5 31.Qxe5 Qd6 32.Qxe6 Qxe6 33.Rxe6 Rdxb3 
34.Rxa6 Rb1 35.Rc6 h6 36.a5 Rxc1+ 37.Rxc1 Ra8 38.Ra1 Ra6 39.Kf1 Kg8 40.Ke2
Kf7 41.Kd3 Ke6 42.Kc4 Kd6 43.Kb5 1-0

[Event "26th EUR-ch"]
[Site "Katowice POL"]
[Date "2026.04.19"]
[Round "11.205"]
[White "Radzikowski, Dawid"]
[Black "Was, Stanislaw"]
[Result "1/2-1/2"]
[WhiteElo "2007"]
[BlackElo "1807"]
[EventDate "2026.04.07"]
[PlyCount "96"]

1.e4 c6 2.Nc3 d5 3.Nf3 Bg4 4.Be2 e6 5.d4 dxe4 6.Nxe4 Be7 7.Ng3 Nf6 8.h3 
Bxf3 9.Bxf3 h5 10.c3 h4 11.Ne4 Nbd7 12.Qb3 Nxe4 13.Bxe4 Qc7 14.Be3 Nf6 15.
Bf3 Nd5 16.Bd2 a5 17.a4 Rd8 18.O-O O-O 19.Rfe1 c5 20.c4 Nf6 21.d5 exd5 22.
Bxa5 Qxa5 23.Rxe7 dxc4 24.Qxc4 Rd4 25.Qc3 Qa6 26.Qxc5 Rxa4 27.Rxa4 Qxa4 
28.Rxb7 Re8 29.Qc7 Qa2 30.Qf4 Re1+ 31.Kh2 Qb1 32.Rb8+ Ne8 33.Qxh4 Rh1+ 34.
Kg3 Qg6+ 35.Qg4 Qd6+ 36.Qf4 Qg6+ 37.Bg4 Re1 38.f3 Re2 39.Kh2 Kh8 40.Qg3 f5
41.Bxf5 Qxf5 42.b4 Qe6 43.b5 Rb2 44.Qf4 Qg6 45.Qh4+ Kg8 46.Qc4+ Kh8 47.
Qh4+ Kg8 48.Qc4+ Kh8 1/2-1/2

[Event "26th EUR-ch"]
[Site "Katowice POL"]
[Date "2026.04.19"]
[Round "11.206"]
[White "Ilgililer, Bertug"]
[Black "Zielinski, Marcin"]
[Result "1-0"]
[WhiteElo "1996"]
[BlackElo "1785"]
[EventDate "2026.04.07"]
[PlyCount "61"]

1.e4 c5 2.Nf3 e6 3.d4 cxd4 4.Nxd4 Nc6 5.Nc3 Qc7 6.Be2 a6 7.Nxc6 bxc6 8.Qd3
d5 9.Qg3 Qxg3 10.hxg3 Bd6 11.Be3 Nf6 12.O-O-O Ke7 13.Bg5 h6 14.exd5 exd5 
15.Bf3 Be6 16.Be3 Ng4 17.Bd4 Ne5 18.Be2 f6 19.Rhe1 Kf7 20.Na4 Nd7 21.Bh5+ 
Ke7 22.f4 f5 23.Rxe6+ Kxe6 24.Re1+ Ne5 25.Bxe5 Bxe5 26.fxe5 d4 27.Nc5+ Kd5
28.b4 Kc4 29.e6 Kxb4 30.Nd3+ Kc3 31.Re5 1-0

[Event "26th EUR-ch"]
[Site "Katowice POL"]
[Date "2026.04.19"]
[Round "11.207"]
[White "Malinowski, Damian"]
[Black "Gawronski, Michal"]
[Result "0-1"]
[WhiteElo "1984"]
[BlackElo "1717"]
[EventDate "2026.04.07"]
[PlyCount "80"]

1.c4 c6 2.Nf3 d5 3.e3 Nf6 4.Nc3 Bg4 5.Qb3 Qb6 6.Qxb6 axb6 7.cxd5 Bxf3 8.
gxf3 cxd5 9.Bb5+ Nc6 10.O-O e5 11.b3 Bd6 12.Bb2 O-O 13.Na4 Na7 14.Bd3 b5 
15.Nc3 b4 16.Ne2 Nc6 17.Ng3 g6 18.f4 Ra5 19.Bb1 Nd7 20.fxe5 Bxe5 21.Bxe5 
Ndxe5 22.f4 Nd7 23.Rc1 Rfa8 24.Kf2 Nc5 25.Bc2 Rxa2 26.Rab1 d4 27.Be4 Rxd2+
28.Kf3 Nxe4 29.Kxe4 Re8+ 30.Kd5 dxe3+ 31.Kc5 Rxh2 32.Re1 Rg2 33.Ne2 h5 34.
Kb6 Re7 35.f5 Rf2 36.fxg6 fxg6 37.Ng1 Nd4 38.Nh3 Rf5 39.Rg1 Re6+ 40.Ka7 
Nb5+ 0-1

[Event "26th EUR-ch"]
[Site "Katowice POL"]
[Date "2026.04.19"]
[Round "11.208"]
[White "Stawecki, Bartlomiej"]
[Black "Zuqanov, Ali"]
[Result "0-1"]
[WhiteElo "1776"]
[BlackElo "2015"]
[EventDate "2026.04.07"]
[PlyCount "66"]

1.e4 c6 2.d4 d5 3.Nd2 dxe4 4.Nxe4 Nf6 5.Nxf6+ exf6 6.c3 Bd6 7.Bd3 O-O 8.
Qc2 Re8+ 9.Ne2 h5 10.O-O h4 11.Nf4 Qc7 12.g3 Nd7 13.Qd1 Nf8 14.Qh5 a5 15.
Bd2 b6 16.Rfe1 Bb7 17.Bc4 Qd7 18.a4 Rxe1+ 19.Rxe1 Bxf4 20.Bxf4 Re8 21.Rxe8
Qxe8 22.Qe2 Qd7 23.gxh4 b5 24.Bd3 c5 25.axb5 cxd4 26.c4 Qh3 27.Be4 Bxe4 
28.Qxe4 Qg4+ 29.Kf1 Qd1+ 30.Qe1 Qf3 31.Qd2 Ne6 32.Bd6 d3 33.Kg1 Nd4 0-1

[Event "26th EUR-ch"]
[Site "Katowice POL"]
[Date "2026.04.19"]
[Round "11.209"]
[White "Krzeszewski, Filip"]
[Black "Stierhof, Michael"]
[Result "0-1"]
[WhiteElo "1759"]
[BlackElo "1993"]
[EventDate "2026.04.07"]
[PlyCount "110"]

1.e4 c5 2.Nf3 d6 3.d4 cxd4 4.Nxd4 Nf6 5.Nc3 g6 6.Be3 a6 7.f3 e5 8.Nb3 Be6 
9.Qd2 h5 10.O-O-O Nbd7 11.Bg5 Qc7 12.f4 Be7 13.Nd5 Bxd5 14.exd5 Ne4 15.Qe3
Nxg5 16.fxg5 h4 17.Be2 Qd8 18.Kb1 Bxg5 19.Qe4 f5 20.Qb4 Qb6 21.Qa4 Ke7 22.
Rhe1 Nc5 23.Nxc5 Qxc5 24.Rd3 Rhc8 25.Bd1 b5 26.Qb3 Qc4 27.Qa3 b4 28.Qb3 a5
29.Bf3 a4 30.Qxc4 Rxc4 31.Rxe5+ dxe5 32.d6+ Kd7 33.Bxa8 e4 34.Rd1 Bf4 35.
Bd5 Rc5 36.Bf7 g5 37.h3 Bxd6 38.Bg6 a3 39.Rd4 Ke6 40.Bh5 Ra5 41.bxa3 bxa3 
42.c4 Ke5 43.Rd1 Bc5 44.Kc2 Be3 45.Bg6 Bf2 46.Kb3 e3 47.Bh5 Kf4 48.Bf3 Re5
49.Rd5 Rxd5 50.cxd5 g4 51.hxg4 fxg4 52.Be2 h3 53.Bxg4 hxg2 54.d6 g1=Q 55.
d7 Bh4 0-1

[Event "26th EUR-ch"]
[Site "Katowice POL"]
[Date "2026.04.19"]
[Round "11.210"]
[White "Malecki, Rafal"]
[Black "Hrckova, Anna"]
[Result "0-1"]
[WhiteElo "1992"]
[BlackElo "1779"]
[EventDate "2026.04.07"]
[PlyCount "50"]

1.e4 e6 2.d4 d5 3.Nd2 c5 4.Ngf3 cxd4 5.exd5 Qxd5 6.Bc4 Qd7 7.O-O Nc6 8.Nb3
a6 9.Nbxd4 Nxd4 10.Nxd4 Qc7 11.Qe2 Bd6 12.Re1 Ne7 13.Bg5 O-O 14.Rad1 Bc5 
15.Qh5 Ng6 16.Bb3 Bxd4 17.Rxd4 Qc5 18.Rg4 f6 19.Re3 Rd8 20.h4 Qf5 21.Rf3 
Rd1+ 22.Kh2 Qe5+ 23.Rgf4 fxg5 24.hxg5 Bd7 25.g3 Qe1 0-1

[Event "26th EUR-ch"]
[Site "Katowice POL"]
[Date "2026.04.19"]
[Round "11.211"]
[White "Modzelewski, Filip"]
[Black "Pilch, Anna"]
[Result "1-0"]
[WhiteElo "1971"]
[BlackElo "1699"]
[EventDate "2026.04.07"]
[PlyCount "75"]

1.e4 c5 2.Nf3 e6 3.d4 cxd4 4.Qxd4 Nc6 5.Qe3 Qc7 6.Nc3 a6 7.b3 Nf6 8.Bb2 
Bb4 9.h3 O-O 10.O-O-O d6 11.a3 Ba5 12.Qg5 h6 13.Qg3 e5 14.b4 Bb6 15.Nd5 
Nxd5 16.exd5 Ne7 17.Bd3 Nf5 18.Qh2 Bxf2 19.g4 Bg3 20.Qg1 Bf4+ 21.Kb1 Ne3 
22.Re1 Nxd5 23.c4 Ne7 24.Re4 Be6 25.Rxf4 exf4 26.Qd4 f6 27.Qe4 Kf7 28.Re1 
Bc8 29.Qxf4 Ng6 30.Qe4 Ne5 31.Nxe5+ dxe5 32.Qg6+ Ke6 33.Bf5+ Ke7 34.Bxe5 
fxe5 35.Qxg7+ Rf7 36.Rxe5+ Kd6 37.Rd5+ Kc6 38.Qg6+ 1-0

[Event "26th EUR-ch"]
[Site "Katowice POL"]
[Date "2026.04.19"]
[Round "11.212"]
[White "Kozera, Patryk"]
[Black "Destic, Elena"]
[Result "0-1"]
[WhiteElo "1694"]
[BlackElo "1953"]
[EventDate "2026.04.07"]
[PlyCount "54"]

1.e4 c6 2.d4 d5 3.Nc3 dxe4 4.Nxe4 Nf6 5.Nxf6+ exf6 6.c3 Bd6 7.Bd3 O-O 8.
Qc2 Re8+ 9.Ne2 h5 10.Be3 Nd7 11.O-O-O Nf8 12.Kb1 Be6 13.c4 Rc8 14.a3 b5 
15.c5 Bb8 16.Nc3 Qa5 17.Bf5 b4 18.Bxe6 Nxe6 19.axb4 Qxb4 20.Qf5 Bc7 21.
Qxh5 Rb8 22.Kc2 Qxb2+ 23.Kd3 Rb3 24.Rc1 Ba5 25.Bd2 Rxc3+ 26.Rxc3 Nf4+ 27.
Bxf4 Qxc3# 0-1

[Event "26th EUR-ch"]
[Site "Katowice POL"]
[Date "2026.04.19"]
[Round "11.213"]
[White "Czyz, Andrzej"]
[Black "Klementys, Jerzy"]
[Result "1-0"]
[WhiteElo "1936"]
[BlackElo "1734"]
[EventDate "2026.04.07"]
[PlyCount "97"]

1.d4 Nf6 2.c4 g6 3.Nc3 d5 4.h4 Bg7 5.Nf3 h5 6.Bf4 c5 7.cxd5 cxd4 8.Qxd4 
O-O 9.e4 Qa5 10.Qd2 Bd7 11.Bd3 Na6 12.O-O Nc5 13.Bc2 Qb4 14.Rab1 a5 15.a3 
Qb6 16.Be3 Qc7 17.Rfc1 Ng4 18.Bf4 Qb6 19.Be3 Nxe3 20.Qxe3 Qa7 21.e5 e6 22.
d6 Bc6 23.Nd4 Nd7 24.Nxc6 bxc6 25.Qxa7 Rxa7 26.f4 Nb6 27.Be4 Nd5 28.Bxd5 
cxd5 29.Nb5 Rb7 30.Nc7 Rd8 31.Rc5 Bf8 32.Rxa5 Bxd6 33.exd6 Rxd6 34.Rc5 d4 
35.Nb5 Rd8 36.Rd1 d3 37.a4 d2 38.Rc7 Rb6 39.Kf2 Ra6 40.Rc4 Rd3 41.Rc3 Rd7 
42.b3 Ra8 43.Ke2 Rad8 44.g3 Kg7 45.Na3 Kf6 46.Nc4 Kf5 47.Rxd2 Kg4 48.Rxd7 
Rxd7 49.Ne5+ 1-0

[Event "26th EUR-ch"]
[Site "Katowice POL"]
[Date "2026.04.19"]
[Round "11.214"]
[White "Wolynski, Antoni"]
[Black "Damaso Tacoronte, Carolina"]
[Result "1-0"]
[WhiteElo "1667"]
[BlackElo "1918"]
[EventDate "2026.04.07"]
[PlyCount "109"]

1.e4 c6 2.d4 d5 3.Nc3 dxe4 4.Nxe4 Nf6 5.Nxf6+ exf6 6.c3 Bd6 7.Bd3 O-O 8.
Ne2 Bg4 9.Be3 Re8 10.Qc2 g6 11.O-O-O Be6 12.h4 Nd7 13.h5 Nf8 14.Bh6 Qc7 
15.hxg6 fxg6 16.Bxf8 Bxf8 17.g3 Bd6 18.Rh6 f5 19.Rdh1 Re7 20.c4 b6 21.Qc3 
Rg7 22.f4 Qe7 23.a3 a5 24.d5 cxd5 25.Nd4 Bd7 26.Kb1 Rc8 27.Nf3 b5 28.Ng5 
b4 29.Qd4 Bc5 30.Qxd5+ Kf8 31.Nxh7+ Ke8 32.Ng5 Qd6 33.Rh8+ Ke7 34.Re1+ Kf6
35.Nh7+ Rxh7 36.Qxd6+ Bxd6 37.Rxh7 Be6 38.Ra7 Rc6 39.Rxa5 bxa3 40.bxa3 Bc5
41.Re2 Bd4 42.Rb5 Ra6 43.Ka2 Ke7 44.Kb3 Kd7 45.Kb4 Kc7 46.Rh2 Bf6 47.Rh7+ 
Kc8 48.c5 Bb2 49.Rb8+ Kxb8 50.Bxa6 Bd5 51.Kb5 Bxa3 52.Kb6 Bb2 53.Rd7 Be6 
54.Rd8+ Bc8 55.Rxc8# 1-0

[Event "26th EUR-ch"]
[Site "Katowice POL"]
[Date "2026.04.19"]
[Round "11.215"]
[White "Madera, Mateusz"]
[Black "Janik, Albert"]
[Result "1/2-1/2"]
[WhiteElo "1902"]
[BlackElo "1674"]
[EventDate "2026.04.07"]
[PlyCount "65"]

1.e4 c5 2.Nf3 Nc6 3.d4 cxd4 4.Nxd4 g6 5.Nc3 Bg7 6.Be3 Nf6 7.Bc4 O-O 8.Bb3 
Re8 9.h3 d6 10.Qd2 Bd7 11.O-O Nxd4 12.Bxd4 b5 13.Qd3 a5 14.Nd5 Nxd5 15.
Bxd5 Rc8 16.Bxg7 Kxg7 17.a3 e6 18.Ba2 Bc6 19.Rad1 Qh4 20.f3 d5 21.exd5 
Bxd5 22.Bxd5 exd5 23.c3 Qc4 24.Qxd5 Qxd5 25.Rxd5 b4 26.axb4 axb4 27.Rd3 
bxc3 28.bxc3 Re2 29.Rf2 Re1+ 30.Rf1 Re2 31.f4 Rc2 32.Rff3 Rb8 33.Kh2 
1/2-1/2

[Event "26th EUR-ch"]
[Site "Katowice POL"]
[Date "2026.04.19"]
[Round "11.216"]
[White "Spanos, Nomikos"]
[Black "Bialowas, Maria"]
[Result "1-0"]
[WhiteElo "1885"]
[BlackElo "1667"]
[EventDate "2026.04.07"]
[PlyCount "121"]

1.d4 Nf6 2.Nc3 d5 3.Bf4 e6 4.e3 Bb4 5.Bd3 Bxc3+ 6.bxc3 O-O 7.Nf3 Nbd7 8.
O-O h6 9.c4 Nh5 10.Be5 f6 11.cxd5 fxe5 12.dxe6 Ndf6 13.Bc4 Kh8 14.Nxe5 Qe8
15.Qd3 Bxe6 16.Ng6+ Kg8 17.Nxf8 Kxf8 18.d5 Bf7 19.Rab1 Rb8 20.f3 Nd7 21.
Bb5 a6 22.Bxd7 Qxd7 23.c4 Qd6 24.Qd4 b6 25.Rfd1 Rd8 26.Rd2 Nf6 27.e4 Nd7 
28.g3 Qe5 29.Kf2 Bg6 30.Ke3 Re8 31.Qxe5 Nxe5 32.Rc1 Rd8 33.c5 b5 34.Rd4 
Bf7 35.h3 Nc4+ 36.Kf4 Ke7 37.g4 g5+ 38.Kg3 a5 39.h4 Kf6 40.hxg5+ hxg5 41.
f4 gxf4+ 42.Kxf4 c6 43.g5+ Kg7 44.Rcd1 Rf8 45.Kg3 cxd5 46.exd5 Be8 47.Rf4 
Bf7 48.d6 Rd8 49.Re1 Bd5 50.Rf6 Nd2 51.Re7+ Kg8 52.Kf4 b4 53.d7 Bc6 54.
Rxc6 Kf8 55.Rh7 Kg8 56.Rc8 Kxh7 57.Rxd8 a4 58.Rb8 b3 59.axb3 axb3 60.d8=Q 
b2 61.Qg8# 1-0

[Event "26th EUR-ch"]
[Site "Katowice POL"]
[Date "2026.04.19"]
[Round "11.217"]
[White "Krawczyk, Marcin"]
[Black "Wojtowicz, Marek"]
[Result "1-0"]
[WhiteElo "1663"]
[BlackElo "1836"]
[EventDate "2026.04.07"]
[PlyCount "90"]

1.e4 c6 2.d4 d5 3.Nc3 dxe4 4.Nxe4 Nd7 5.Nf3 Ngf6 6.Nxf6+ Nxf6 7.Ne5 e6 8.
c3 Bd6 9.Bd3 O-O 10.Bg5 c5 11.Ng4 Be7 12.Nxf6+ Bxf6 13.Bxf6 Qxf6 14.Qh5 g6
15.Qxc5 Bd7 16.Be4 Rfc8 17.Qe5 Qxe5 18.dxe5 Bc6 19.Bxc6 Rxc6 20.O-O-O Rc5 
21.f4 g5 22.g3 gxf4 23.gxf4 Rc4 24.Rhf1 Re4 25.Rf2 b5 26.Rd4 Rxd4 27.cxd4 
Rd8 28.Rd2 Kg7 29.Kc2 Kg6 30.Kd3 Kf5 31.Ke3 Rc8 32.d5 exd5 33.Rxd5 Rc4 34.
Rxb5 Re4+ 35.Kd3 Rxf4 36.Rb7 Kxe5 37.Rxa7 Rf2 38.b4 f5 39.b5 Rxh2 40.a4 
Kd5 41.b6 Rb2 42.a5 Rb3+ 43.Kc2 Rb5 44.b7 Kc6 45.a6 Kd5 1-0